000 03134nam0a2200385 4500
001 RU\NLR\BIBL_A\016275020
005 20230313151602.0
010 _a978-5-9268-3904-0
_93000
021 _aRU
_bКН-П-22-091854
_9КН-П-22-8183
035 _a(NLR Aleph) 016275020
035 _a(RuMoRGB)011493390
090 _a12898500
_c12898500
100 _a20230202d2022 e y0rusy50 ca
101 1 _arus
_cund
102 _aRU
105 _aa z 000zy
181 0 _ab3
_bxb2e
181 0 _ai2
_baxxe
182 0 _an
200 1 _aВикинги идут!
_e[для детей старшего школьного возраста
_eперевод]
_fМаури Куннас, Тарья Куннас
203 _aИзображение
_aТекст
_bвизуальные
_cнепосредственные
210 _aСанкт-Петербург
_aМосква
_cРечь
_d2022
215 _a47, [2] с.
_cцв. ил.
_d30
300 _aНа обл. авт.: Маури Куннас
330 _aВикинги были отважными мореходами и свирепыми разбойниками. Они плавали на кораблях с драконьими головами и наводили страх на мирных жителей прибрежных районов. А ещё они верили в дерево Иггдрасиль, на которое нанизаны разные миры, мечтали после смерти попасть в Вальгаллу и слагали саги обо всём, что происходило в их жизни. Маури Куннас, живой классик финской детской литературы, сочиняет и иллюстрирует саги, благодаря которым даже малыши поймут, кто же такие были эти викинги. Средневековую Скандинавию Куннаса населяют доблестные собаки, находчивые коты, флегматичные кабаны, свирепые волки и незадачливые барсуки. Коренные жители Америки - еноты с непереносимостью лактозы, а Константинополем правит бегемот. Помимо уморительно смешных сказок-саг в книгу включены описания кораблей, жилищ и городов викингов, перечень скандинавских богов, карта известного викингам обитаемого мира и примерная схема мироустройства по-викингски
333 _a6+
686 0 _aШ9(4Фн)62-4
700 1 _aКуннас
_bМ.
_f1950-
_gМаури
_955742
_3RU\NLR\AUTH\7772814
702 1 _7ca
_8rus
_aКуннас
_bТ.
_f1957-
_gТарья
_9225705
_3RU\NLR\AUTH\770225761
942 _cBOOK
980 _aNB